• 首页
  • 本馆介绍
  • 公告通知
  • 最新文献
  • 馆藏检索
  • 电子资源
  • 读者导购
  • 参考咨询
  • 我的图书馆
  • 登录
  • 详细信息显示
  • 放入我的书架
  • 预约/预借图书
  • 作者相关作品
  • 分类相关作品
  • 丛书相关作品
  • 出版社相关作品

书目信息

  • 表格格式
  • 工作单格式
  • 卡片格式
题名:
化工设备机械基础
    
 
作者: 刁玉玮 , 王立业 编
分册:  
出版信息: 大连   大连理工大学出版社  1992.12
页数: 325页
开本: 26cm
丛书名:
单 册:
中图分类: TQ050.1
科图分类: 79.5031
主题词: 化工机械--设计 , 化工设备--设计
电子资源:
ISBN: 7-5611-0715-3
000 00877nam0 2200277 45
001 0193023704
005 20070613093141.93
010    @a7-5611-0715-3@dCNY11.50
100    @a19800101d1992 em y0chiy0121 ea
101 0  @achi
102    @aCN@b210000
105    @ay z 000yy
200 10 @a化工设备机械基础@AHUA GONG SHE BEI JI XIE JI CHU@f刁玉玮,王立业编@FDIAO YU WEI , WANG LI YE BIAN
205    @a2版
210    @a大连@c大连理工大学出版社@d1992.12@h1994
215    @a325页@d26cm
330    @a本书讲述了薄壁容器器身与各种封头的强度设计,以及容器零部件的设计计算和标准选用等。
540 1  @a化工 机械@AHUA GONG JI XIE
606    @a化工机械@x设计
606    @a化工设备@x设计
690    @aTQ050.1@v三版
692    @a79.5031
701  0 @a刁玉玮@ADIAO YU WEI@4编
701  0 @a王立业@AWANG LI YE@4编
801  0 @aCN@bTSSF@c20070613
905    @a10447@dTQ050.1@e148=2
    
    化工设备机械基础/刁玉玮,王立业编.-2版.-大连:大连理工大学出版社,1992.12(1994)
    325页;26cm
    
    
    ISBN 7-5611-0715-3:CNY11.50
    本书讲述了薄壁容器器身与各种封头的强度设计,以及容器零部件的设计计算和标准选用等。
●
相关链接 在E读中查询图书 在五车中查询图书 在当当中查询图书 在豆瓣中查询图书


正题名:化工设备机械基础     索取号:TQ050.1/148=2         预约/预借

序号 登录号 条形码 馆藏地/架位号 状态 备注
1 0634565   206345659   第二样本阅览室/ [索取号:TQ050.1/148=2] 在馆    
2 0634566   206345668   密集书库/ [索取号:TQ050.1/148=2] 在馆    
3 0634567   206345677   密集书库/ [索取号:TQ050.1/148=2] 在馆    
4 0634568   206345686   密集书库/ [索取号:TQ050.1/148=2] 在馆    
5 0634569   206345695   密集书库/ [索取号:TQ050.1/148=2] 在馆    
6 0634570   206345702   密集书库/ [索取号:TQ050.1/148=2] 在馆    
7 0634571   206345711   密集书库/ [索取号:TQ050.1/148=2] 在馆    
8 0634572   206345720   密集书库/ [索取号:TQ050.1/148=2] 在馆    
9 0634573   206345739   密集书库/ [索取号:TQ050.1/148=2] 在馆    
10 0634574   206345748   密集书库/ [索取号:TQ050.1/148=2] 在馆    
11 0634575   206345757   密集书库/ [索取号:TQ050.1/148=2] 在馆    
12 0634576   206345766   密集书库/ [索取号:TQ050.1/148=2] 在馆    
13 0634577   206345775   密集书库/ [索取号:TQ050.1/148=2] 在馆    
14 0634578   206345784   密集书库/ [索取号:TQ050.1/148=2] 在馆    
15 0634579   206345793   密集书库/ [索取号:TQ050.1/148=2] 在馆    
16 0634580   206345800   密集书库/ [索取号:TQ050.1/148=2] 在馆    
17 0634581   206345819   密集书库/ [索取号:TQ050.1/148=2] 在馆    
18 0634582   206345828   密集书库/ [索取号:TQ050.1/148=2] 在馆    
唐山师范学院图书馆 欢迎您!
大连网信软件有限公司© 版权所有